• 首页
  • 本馆介绍
  • 公告通知
  • 最新文献
  • 馆藏检索
  • 电子资源
  • 读者导购
  • 参考咨询
  • 我的图书馆
  • 登录
  • 详细信息显示
  • 放入我的书架
  • 预约/预借图书
  • 作者相关作品
  • 分类相关作品
  • 丛书相关作品
  • 出版社相关作品

书目信息

  • 表格格式
  • 工作单格式
  • 卡片格式
题名:
曼侬
    
 
作者: 普雷沃 著 ;林志芸 译
分册:  
出版信息: 北京   九洲图书出版社  1995
页数: 261页
开本: 20cm
丛书名: 远流版新浪漫小说经典系列
单 册:
中图分类: I565.44
科图分类:
主题词: 长篇小说--法国--近代
电子资源:
ISBN: 7-80114-053-2
000 01010nam2 2200313 450
001 0100609116
005 20130702101910.0
010    @a7-80114-053-2@dCNY13.00
011    @a7-80114-053-2
100    @a20021005d1995 em y0chiy0110 ea
101 1  @achi@cfre
102    @aCN@b110000
105    @ay z 000ay
106    @ar
200 1  @a曼侬@9Man Nong @f(法)普弗(Antoine-FranCois Prevost)著@g林志芸译@b专著
210    @a北京@c九洲图书出版社@d1995
215    @a261页@d20cm
225 2  @a远流版新浪漫小说经典系列@h第一辑@v1
300    @a书名页著者题:普佛
304    @a著者通译:A.-F.普雷沃(1697~1763),神父,法国作家
304    @a林志芸(1964~ ),在法国攻读博士
410  0 @12001 @a远流版新浪漫小说经典系列
500 10 @a曼侬@9man nong
606 0  @a长篇小说@y法国@z近代
690    @aI565.44@v3
701  1 @c(法)@a普雷沃@c(Prevost, Antoine Francois@f1697~1763)@9pu lei wo@4著
702  0 @a林志芸@f(1964~)@9lin zhi yun@4译
801  0 @aCN@bAiZhiMarc@c19960820
905    @aBZT@dI56@e14@f2@sI56/14
    
    曼侬/(法)普弗(Antoine-FranCois Prevost)著/林志芸译.-北京:九洲图书出版社,1995
    261页;20cm.-(远流版新浪漫小说经典系列.第一辑;1)
    书名页著者题:普佛
    
    ISBN 7-80114-053-2:CNY13.00
    
●
相关链接 在五车中查询图书 在当当中查询图书 在豆瓣中查询图书


正题名:曼侬     索取号:I56/14         预约/预借

序号 登录号 条形码 馆藏地/架位号 状态 备注
1 2000102621   2000102621   旧书回溯/ [索取号:I56/14] 在馆    
2 2000147819   2000147819   旧书回溯/ [索取号:I56/14] 在馆    
山东省滨州职业学院图书馆 欢迎您!
大连网信软件有限公司© 版权所有